Loreto College Library, Kolkata
WEBOPAC (ONLINE PUBLIC ACCESS CATALOGUE)

Cultural studies in India (Record no. 41095)

MARC details
000 -LEADER
fixed length control field 00767nam a22002537a 4500
005 - DATE AND TIME OF LATEST TRANSACTION
control field 20170627144357.0
008 - FIXED-LENGTH DATA ELEMENTS--GENERAL INFORMATION
fixed length control field 170627b xxu||||| |||| 00| 0 eng d
020 ## - ISBN | অাই এস বি এন
ISBN | অাই এস বি এন 9781138666719
PRICE 995
040 ## - CATALOGING SOURCE
Language of cataloging eng
041 ## - LANGUAGE CODE
Language code English
082 ## - DDC | ডিউই
Classification number | বর্গসংখ্যা 820(I)
Book Number | গ্রন্থাঙ্ক NAY
245 ## - TITLE STATEMENT | অাখ্যা বিবরণী
Title | অাখ্যা Cultural studies in India
Statement of responsibility | লেখকের দায়িত্বের বিবরণ Edited by Rana Nayar, Pushpinder Syal and Akshaya Kumar
250 ## - EDITION STATEMENT | সংস্করণ ক্ষেত্র
Edition statement | সংস্করণ South Asia ed
260 ## - IMPRINT | প্রকাশনা ক্ষেত্র
Place of publication | প্রকাশ স্থান New Delhi, London, New York
Name of publisher | প্রকাশকের নাম Routledge
Date of publication | প্রকাশ কাল 2016
300 ## - PHYSICAL DESCRIPTION |
Page / Vol. No | পৃষ্ঠা / খন্ড সংখ্যা 303p
Other physical details | অনান্য বাহ্যিক বিবরণ 24 cm
504 ## - BIBLIOGRAPHY, ETC. NOTE
Bibliography, etc Includes index and bibliographical references
650 ## - SUBJECT ADDED ENTRY--TOPICAL TERM | বিষয় শিরোনাম - মূল বিষয়
Topical term | মূল বিষয় Culture
Form subdivision | রুপগত বিভাগ Study and teaching
650 ## - SUBJECT ADDED ENTRY--TOPICAL TERM | বিষয় শিরোনাম - মূল বিষয়
Topical term | মূল বিষয় Popular culture
Form subdivision | রুপগত বিভাগ Study and teaching
700 ## - ADDED ENTRY--PERSONAL NAME | অতিরিক্ত সংলেখ - ব্
Relator code | দায়িত্ব নির্দেশক ed.
Personal name | ব্যাক্তিনাম Nayar, Rana
700 ## - ADDED ENTRY--PERSONAL NAME | অতিরিক্ত সংলেখ - ব্
Relator code | দায়িত্ব নির্দেশক ed.
Personal name | ব্যাক্তিনাম Syal, Pushpinder
700 ## - ADDED ENTRY--PERSONAL NAME | অতিরিক্ত সংলেখ - ব্
Relator code | দায়িত্ব নির্দেশক ed.
Personal name | ব্যাক্তিনাম Akshaya Kumar
850 ## - HOLDING INSTITUTION
Holding institution LCLIB
942 ## - ADDED ENTRY ELEMENTS (KOHA)
Koha item type Books
Holdings
Withdrawn status Lost status Source of classification Damaged status Not for loan Home library Current library Date acquired Price Total Checkouts Full call number Accession No. Date last seen Price effective from Koha item type
    Dewey Decimal Classification     Loreto College Loreto College 27/06/2017 995.00   820(I) NAY 51678 44836 27/06/2017 27/06/2017 Books